000 00386nam a2200121Ia 4500
008 220615s9999||||xx |||||||||||||| ||und||
100 _aTheodoros K. Aslanidis
245 0 _aSpecial Topics in Resuscitation
546 _aEnglish[eng]
650 _aMedicine||Emergency Medicine||Health Sciences
856 _uhttps://www.intechopen.com/books/special-topics-in-resuscitation
942 _cEB
999 _c10231
_d10231